| 000 | 00654nam a22002297a 4500 | ||
|---|---|---|---|
| 999 |
_c173513 _d173513 |
||
| 003 | dpl | ||
| 005 | 20200229125151.0 | ||
| 008 | 200229b ||||| |||| 00| 0 eng d | ||
| 010 | _ab-34943 | ||
| 020 |
_a8175240334 _c300.00 |
||
| 035 | _aB-34943 | ||
| 040 |
_aDpl _bEN _c0 |
||
| 050 |
_a797.2107 _bJAI |
||
| 082 |
_a797.2107 _bJAI |
||
| 100 | _aJain, Deepak | ||
| 245 |
_aSWIMMING/ _cDeepak jain _hEN |
||
| 246 | _hEN | ||
| 260 |
_aDELHI _bKHEL, SAHITYA KENDRA _c2000 |
||
| 270 |
_aWP- 474,First Floor, shivmkt,Ashok vihar _bDelhi _dIndia _e110002 |
||
| 300 |
_a203 pg _c12 cm |
||
| 942 |
_2ddc _cEN _h797.2107 _iJAI _k797.2107 _mJAI |
||